| 000 | 01637nam a2200205Ia 4500 | ||
|---|---|---|---|
| 999 |
_c9158 _d9158 |
||
| 005 | 20230906141943.0 | ||
| 008 | 230903s9999 xx 000 0 und d | ||
| 020 | _a9701036042 | ||
| 040 |
_aUPAN _cBiblioteca San Vicente _eRCAA2 |
||
| 041 | _aspa | ||
| 082 |
_a658.8 _bO463a _c2002 |
||
| 100 |
_aOchoa Setzer, Guadalupe _4aut. |
||
| 245 | 0 |
_aAdministracion financiera/ _bGuadalupe Ochoa Setzer |
|
| 250 | _a1° ed. | ||
| 260 |
_aMexico: _bMcGraw Hill, _c2002 |
||
| 300 |
_a466 p.; _c24 cm. |
||
| 505 | _aCapitulo 1. Campo de acción de las finanzas Capitulo 2. Valor del dinero en el tiempo Capitulo 3. Origen y justificación del análisis financiero Capitulo 4. La información financiera: respuesta a una necesidad Capitulo 5. Estado de situación financiera o balance general Capitulo 6. Estado de resultados Capitulo 7. estado de variaciones en el capital contable Capitulo 8. Estado de cambios en la situación financiera Capitulo 9. Antecedentes de la represión de estados financieros Capitulo 10. Ajuste por cambios en el nivel general de precios Capitulo 11. Anàlisis de estados financieros Capitulo 12. Herramientas y métodos de análisis Capitulo 13. Anàlisis del retorno sobre la inversión y la utilización de los activos Capitulo 14. Anàlisis de la estructura de capital: liquidez y solvencia Capitulo 15. El analista de estados financieros Capitulo 16. Estados financieros proyectados Capitulo 17. Administración financiera a corto plazo Capitulo 18. Evaluación de proyectos de inversión Capitulo 19. Estructura de capital | ||
| 650 |
_2LEMB _xAdministración financiera |
||
| 942 |
_cBK _2ddc |
||